All Messier Objects - Statistics

General Stats
  • This quiz has been taken 128 times
  • The average score is 15 of 110
Answer Stats
Hint Answer % Correct
M1 Crab Nebula
94%
M2 Globular Cluster
47%
M3 Globular Cluster
45%
M8 Lagoon Nebula
45%
M31 Andromeda Galaxy
39%
M42 Orion Nebula
35%
M6 Butterfly Cluster
33%
M16 Eagle Nebula
33%
M17 Omega Nebula
33%
M7 Ptolemy's Cluster
31%
M20 Trifid Nebula
31%
M44 Beehive Cluster
29%
M10 Globular Cluster
29%
M11 Wild Duck Cluster
29%
M27 Dumbbell Nebula
27%
M9 Globular Cluster
27%
M14 Globular Cluster
27%
M4 Spider Cluster
27%
M101 Pinwheel galaxy
24%
M57 Ring Nebula
24%
M104 Sombrero Galaxy
24%
M33 Triangulum Galaxy
24%
M12 Globular Cluster
22%
M13 Great Hercules Cluster
22%
M15 Great Pegasus Cluster
22%
M22 Great Sagittarius Cluster
22%
M45 Pleiades Cluster
22%
M5 Rose Cluster
20%
M64 Black Eye Galaxy
18%
M81 Bode's Galaxy
18%
M51 Whirlpool Galaxy
18%
M18 Black Swan Cluster
16%
M82 Cigar Galaxy
16%
M19 Globular Cluster
16%
M63 Sunflower Galaxy
16%
M97 Owl Nebula
14%
M40 Winnecke 4
14%
M43 De Mairan's Nebula
12%
M30 Jellyfish Cluster
12%
M23 Open Cluster
12%
M24 Sagittarius Star Cloud
12%
M83 Southern Pinwheel Galaxy
12%
M66 Spiral Galaxy
12%
M108 Surfboard Galaxy
12%
M21 Webb's Cross Cluster
12%
M28 Globular Cluster
10%
M54 Globular Cluster
10%
M76 Little Dumbbell Nebula
10%
M36 Pinwheel Cluster
10%
M102 Spindle Galaxy
10%
M65 Spiral Galaxy
10%
M38 Starfish Cluster
10%
M29 Cooling Tower
8%
M60 Elliptical Galaxy
8%
M69 Globular Cluster
8%
M70 Globular Cluster
8%
M50 Heart-Shaped Cluster
8%
M41 Little Beehive Cluster
8%
M25 Open Cluster
8%
M26 Open Cluster
8%
M103 Open Cluster
8%
M74 Phantom Galaxy
8%
M37 Salt and Pepper Cluster
8%
M35 Shoe-Buckle Cluster
8%
M89 Elliptical Galaxy
6%
M56 Globular Cluster
6%
M68 Globular Cluster
6%
M75 Globular Cluster
6%
M67 King Cobra Cluster
6%
M32 Le Gentil
6%
M84 Lenticular Galaxy
6%
M85 Lenticular Galaxy
6%
M47 Open Cluster
6%
M106 Spiral Galaxy
6%
M55 Summer Rose Star
6%
M87 Virgo A
6%
M58 Barred Spiral Galaxy
4%
M78 Casper the Friendly Ghost
4%
M94 Cat's Eye Galaxy
4%
M110 Edward Young Star
4%
M49 Elliptical Galaxy
4%
M59 Elliptical Galaxy
4%
M105 Elliptical Galaxy
4%
M53 Globular Cluster
4%
M79 Globular Cluster
4%
M92 Globular Cluster
4%
M86 Lenticular Galaxy
4%
M100 Mirror Galaxy
4%
M39 Open Cluster
4%
M46 Open Cluster
4%
M48 Open Cluster
4%
M93 Open Cluster
4%
M99 St. Catherine's Wheel
4%
M73 Asterism
2%
M91 Barred Spiral Galaxy
2%
M95 Barred Spiral Galaxy
2%
M62 Flickering Globular Cluster
2%
M72 Globular Cluster
2%
M80 Globular Cluster
2%
M52 Scorpion Cluster
2%
M34 Spiral Cluster
2%
M88 Spiral Galaxy
2%
M90 Spiral Galaxy
2%
M96 Spiral Galaxy
2%
M98 Spiral Galaxy
2%
M77 Squid Galaxy
2%
M61 Swelling Spiral Galaxy
2%
M109 Vacuum Cleaner Galaxy
2%
M71 Angelfish Cluster
0%
M107 Crucifix Cluster
0%
No matching quizzes found
Score Distribution
Percent of People with Each Score
Percentile by Number Answered
Your Score History
You have not taken this quiz